000 00449cam a2200169ua 4500
003 OSt
005 20260213113448.0
008 260213b |||||||| |||| 00| 0 eng d
041 _aeng
082 _a338.927
_bNAT/AP
245 _aAppropriate technology from NRDC of India, Vol 2 /
250 _a1 /
260 _aIndia :
_bNational Research Development Corporation of India ,
_c1983.
300 _a96 ; .
500 _a**Reference
942 _cBK
999 _c3800
_d3800